"Bridging the Digital Divide: Digital Innovation and Inclusion Across Borders" The International Interdisciplinary Scientific Conference
Uložené v:
| Korporativný autor: | |
|---|---|
| Ďalší autori: | , , , |
| Médium: | Kniha |
| Jazyk: | English |
| Vydavateľské údaje: |
Bratislava
Vydavateľstvo EKONÓM
2024
|
| Vydanie: | 1st Edition |
| Predmet: | |
| Tagy: |
Žiadne tagy, Buďte prvý, kto otaguje tento záznam!
|
MARC
| LEADER | 00000nlm a2200000 4500 | ||
|---|---|---|---|
| 001 | 0305954 | ||
| 005 | 20250721121144.9 | ||
| 020 | |a 978-80-225-5203-5 | ||
| 041 | 0 | |a eng | |
| 044 | |a SK | ||
| 245 | 1 | 0 | |a "Bridging the Digital Divide: Digital Innovation and Inclusion Across Borders" |b The International Interdisciplinary Scientific Conference |c Editors: Anetta Čaplánová, Eva Sirakovová ; Reviewers: Ibrahim Sirkeci, Aweewan Panyagometh |
| 250 | |a 1st Edition | ||
| 264 | 1 | |a Bratislava |b Vydavateľstvo EKONÓM |c 2024 | |
| 300 | |a 81 s. [4,05 AH] | ||
| 610 | 2 | 0 | |a digitalizácia |
| 610 | 2 | 0 | |a priepasť digitálna |
| 610 | 2 | 0 | |a transformácia digitálna |
| 610 | 2 | 0 | |a inovácie technologické |
| 610 | 2 | 0 | |a technológie nové |
| 610 | 2 | 0 | |a ekonomika digitálna |
| 610 | 2 | 0 | |a priemysel 4.0 |
| 610 | 2 | 0 | |a inteligencia umelá |
| 610 | 2 | 0 | |a bezpečnosť kybernetická |
| 700 | 1 | |a Čaplánová, Anetta, 1967- | |
| 700 | 1 | |a Sirakovová, Eva, 1994- | |
| 700 | 1 | |a Sirkeci, Ibrahim | |
| 700 | 1 | |a Panyagometh, Aweewan | |
| 110 | 2 | |a "Bridging the Digital Divide: Digital Innovation and Inclusion Across Borders". International Interdisciplinary Scientific Conference | |